WEEE (Record no. 117928)

MARC details
000 -LEADER
fixed length control field 00933cam a2200241 4500
001 - CONTROL NUMBER
control field ABS68179
008 - FIXED-LENGTH DATA ELEMENTS--GENERAL INFORMATION
fixed length control field 040831n2004 000 0 eng u
035 ## - SYSTEM CONTROL NUMBER
System control number (Sirsi) u127224
100 ## - MAIN ENTRY--PERSONAL NAME
Personal name Ellis, T.
245 ## - TITLE STATEMENT
Title WEEE
260 ## - PUBLICATION, DISTRIBUTION, ETC.
Date of publication, distribution, etc. 2004
490 ## - SERIES STATEMENT
Series statement Wastes Management
Volume/sequential designation August 2004, 18-27(9)
520 ## - SUMMARY, ETC.
Summary, etc. Series of articles on the Waste Electrical and Electronic Equipment (WEEE) directive (Directive 02/96/EC). Covers: frequently asked questions; information on the Recycling Electrical Producers Industry Consortium (REPIC); the advantages and drawbacks of WEEE from a manufacturer's standpoint; and a profile of the EnvironCom and Fonebak recycling scheme for mobile phones.
590 ## - LOCAL NOTE (RLIN)
Local note ABS
590 ## - LOCAL NOTE (RLIN)
Local note ABS
650 ## - SUBJECT ADDED ENTRY--TOPICAL TERM
Topical term or geographic name entry element DIRECTIVE 02/96/EC
650 ## - SUBJECT ADDED ENTRY--TOPICAL TERM
Topical term or geographic name entry element ELECTRICAL EQUIPMENT
650 ## - SUBJECT ADDED ENTRY--TOPICAL TERM
Topical term or geographic name entry element ELECTRONICS INDUSTRY
650 ## - SUBJECT ADDED ENTRY--TOPICAL TERM
Topical term or geographic name entry element MOBILE PHONES
650 ## - SUBJECT ADDED ENTRY--TOPICAL TERM
Topical term or geographic name entry element RECYCLING
690 ## - LOCAL SUBJECT ADDED ENTRY--TOPICAL TERM (OCLC, RLIN)
Topical term or geographic name as entry element WASTE MANAGEMENT
942 ## - ADDED ENTRY ELEMENTS (KOHA)
Suppress in OPAC 0
Holdings
Withdrawn status Lost status Source of classification or shelving scheme Damaged status Not for loan Home library Current library Shelving location Date acquired Total Checkouts Full call number Barcode Date last seen Copy number Price effective from Koha item type
    Dewey Decimal Classification     London London Journal article 31/08/2004   ABS68179 127224-1001 06/08/2019 1 06/08/2019 Journal article